000 00461nam a2200181Ia 4500
001 10508
005 20260306161837.0
008 260306t1982||||xx |||||||||||||| ||spa||
041 _aESP
082 _a940
_bP75
100 _aPoliakov, León
_eAUT
245 0 _aLa causalidad diabólica:
_bEnsayo sobre el origen de las persecusiones
260 _c1982
300 _a206 páginas :
_c21 cm.
650 _aGEN
654 _aCHU
942 _cLIB
_dJUS
_fJUS
_2ddc
_n
999 _c10508
_d10508